Like a film /

Gespeichert in:
Bibliographische Detailangaben
1. Verfasser: Murray, Timothy
Format: Unbekannt
Sprache:English
Veröffentlicht: Londres : Routledge, 1993.
Schlagworte:
Tags: Tag hinzufügen
Keine Tags, Fügen Sie den ersten Tag hinzu!

MARC

LEADER 000000000a22000000004500
001 014214
020 |a 0415077346 
041 0 |a eng 
082 0 4 |a 791.437.5   |b M983l 
100 1 |a Murray, Timothy 
245 1 0 |a Like a film /   |c Timothy Murray. 
260 1 |a Londres :   |b Routledge,   |c 1993. 
300 |a 267 páginas :   |b ilustraciones ;   |c 25 cm. 
650 4 |a PELICULAS 
650 4 |a ASPECTOS POLITICAS 
650 4 |a ASPECTOS SOCIALES 
500 |a Colección George Yúdice 
999 |c 20109  |d 20109 
942 |c BK  |h 791.437.5 M983l  |2 z